000 00330nam a22000977a 4500
008 230606b xxu||||| |||| 00| 0 eng d
082 _a342.676207
_bNEP
245 _aOral Submission on the review of constituencey Boundaries and polling Stations
_bNorthEastern Province
_cElectoral commission of kenya
300 _a101p
942 _2ddc
_cBK
999 _c498
_d498